000 00589cam a2200205 4500500
005 20260405003602.0
041 _afre
042 _adc
100 1 0 _aLarmagnac-Matheron, Octave
_eauthor
245 0 0 _aDécrocher (de) la Lune
260 _c2022.
500 _a2
690 _aClimat
690 _aConquête spatiale
690 _aEspace
690 _aHubris
690 _aLune
786 0 _nPhilosophie magazine | 163 | 10 | 2022-10-01 | p. 14-15 | 1951-1787
856 4 1 _uhttps://shs.cairn.info/magazine-philosophie-magazine-2022-10-page-14?lang=fr&redirect-ssocas=7080
999 _c2068996
_d2068996